000
00325nam a2200133Ia 4500
008
220204s9999 xx 000 0 und d
082
_a
58/581
_b
DEL
100
_a
Delevoryas, Theodore
245
0
_a
Plant diversification
250
_a
Ed.2
260
_a
New York
_b
Holt Reinhart
_c
1977
650
_a
Paleobotany
942
_c
BK
999
_c
26433
_d
26433